Periodic report on significant narcotics traffickers centered in Columbia [as printed] : communication from the President of the United States transmitting a 6-month periodic report on the national emergency with respect to significant narcotics traffickers centered in Colombia that was declared in Executive Order 12978 of October 21, 1995, pursuant to 50 U.S.C. 1622(d).

Bibliographic Details
Corporate Authors: United States. President (2001-2009 : Bush), United States. Congress. House. Committee on International Relations
Format: Government Document Book
Language:English
Published: Washington : U.S. G.P.O., 2001.
Series:House document (United States. Congress. House) ; 107-57.
Subjects:
Online Access:Text version:
Adobe Acrobat Reader required

MARC

Tag First Indicator Second Indicator Subfields
LEADER 00000cam a2200000 a 4500
001 in00001617708
005 20220106093038.0
008 010604s2001 dcu f000 0 eng c
035 |a (OCoLC)ocm47062175 
040 |a GPO  |c GPO  |d DLC  |d MvI  |d UtOrBLW 
042 |a pcc 
043 |a s-ck---  |a n-us--- 
049 |a UDOC 
049 |a WWW 
074 |a 0996-A 
074 |a 0996-A (online) 
074 |a 0996-B (MF) 
074 |a 0996-B (online) 
086 0 |a Y 1.1/7:107-57 
110 1 |a United States.  |b President (2001-2009 : Bush) 
245 1 0 |a Periodic report on significant narcotics traffickers centered in Columbia [as printed] :  |b communication from the President of the United States transmitting a 6-month periodic report on the national emergency with respect to significant narcotics traffickers centered in Colombia that was declared in Executive Order 12978 of October 21, 1995, pursuant to 50 U.S.C. 1622(d). 
264 1 |a Washington :  |b U.S. G.P.O.,  |c 2001. 
300 |a 5 pages ;  |c 24 cm. 
336 |a text  |b txt  |2 rdacontent 
337 |a unmediated  |b n  |2 rdamedia 
338 |a volume  |b nc  |2 rdacarrier 
490 1 |a House document / 107th Congress, 1st session ;  |v 107-57 
500 |a "Referred to the Committee on International Relations." 
500 |a Distributed to some depository libraries in microfiche. 
500 |a Shipping list number: 2001-0207-P. 
500 |a "April 24, 2001." 
500 |a Shipping List Date: 05/23/2001 
530 |a Also available via Internet from the GPO Access web site. Addresses as of 6/1/01: http://frwebgate.access.gpo.gov/cgi-bin/getdoc.cgi?dbname=107c̲ongd̲ocuments&docid=f:hd057.107 (text version), http://frwebgate.access.gpo.gov/cgi-bin/getdoc.cgi?dbname=107c̲ongd̲ocuments&docid=f:hd057.107.pdf (PDF version); current access is available via PURLs. 
650 0 |a Drug dealers  |z Colombia. 
650 0 |a Drug traffic  |z United States. 
650 0 |a Drug control  |z United States. 
710 1 |a United States.  |b Congress.  |b House.  |b Committee on International Relations. 
830 0 |a House document (United States. Congress. House) ;  |v 107-57. 
856 4 1 |3 Text version:  |u https://purl.fdlp.gov/GPO/LPS12292  |t 0 
856 4 1 |3 PDF version:  |u https://purl.fdlp.gov/GPO/LPS12293  |z Adobe Acrobat Reader required  |t 0 
999 |a MARS 
999 f f |s 26f23ade-1589-3b62-b375-4ff416c40ef1  |i 66fe74cc-bbbb-386c-bc98-33299e59ba3a  |t 0 
952 f f |a Texas A&M University  |b College Station  |c Electronic Resources  |d Available Online  |t 0  |e Y 1.1/7:107-57  |h Superintendent of Documents classification 
998 f f |a Y 1.1/7:107-57  |t 0  |l Available Online